Statistics for Musicians by Picture #5

Click here to take the quiz!

General Stats

  • This quiz has been taken 10,866 times
  • The average score is 13 of 20

Answer Stats

Answer% Correct
Will Smith
94%
Miley Cyrus
92%
Snoop Dogg
89%
Madonna
86%
Mick Jagger
83%
Dolly Parton
82%
Kanye West
81%
Shakira
79%
Ariana Grande
77%
Britney Spears
73%
Victoria Beckham
68%
Bruce Springsteen
66%
Jon Bon Jovi
65%
Gwen Stefani
64%
Jim Morrison
58%
Dean Martin
46%
Tony Bennett
43%
Jerry Garcia
25%
Gloria Estefan
22%
Flo Rida
21%

Score Distribution

Percentile by Number Answered

Percent of People with Each Score

Your Score History

You have not taken this quiz